000 01044nam a22003017a 4500
001 03778
003 HDC
007 cr bn ---aaaaa
008 210111t1998 nyu||||| |||| 00| 0 eng
020 _a0-203-22306-3
040 _aHDC
100 _aKerem, Zohar
_eauthor
_93584
245 0 _aAgricultural Biotechnology. Chapter 15 :
_bLignin-Degrading Fungi: Mechanisms and Utilization / by
_cZohar Kerem and Yitzhak Hadar
260 _aNew York :
_bMARCEL DEKKER,
_c1998
300 _a15 pages
336 _atext
_2rdacontent
337 _acomputer
_2rdamedia
338 _aonline resource
_2rdacarrier
650 _aAgricultural Biotechnology
_91565
650 _aLignin-Degrading Fungi
_93585
650 _aMechanisms
_93586
650 _aUtilization
_93587
700 _aHadar, Yitzhak
_eauthor
_93588
856 _zRequest full-text at [email protected]
942 _2lcc
942 _cCHAP
942 _kEBCH 001700
999 _c1114
_d1114